Normal view
MARC view
Entry Personal Name
001 - CONTROL NUMBER
- control field: 51008
003 - CONTROL NUMBER IDENTIFIER
- control field: ARRUPE
005 - DATE AND TIME OF LATEST TRANSACTION
- control field: 20211111121053.0
008 - FIXED-LENGTH DATA ELEMENTS
- fixed length control field: 211111|| aca||aabn | a|a d
040 ## - CATALOGING SOURCE
- Original cataloging agency: ARRUPE
- Transcribing agency: ARRUPE
100 ## - HEADING--PERSONAL NAME
- Personal name: Howson, Colin and Urbach, Peter
670 ## - SOURCE DATA FOUND
- Source citation: Work cat.: (ARRUPE): Howson, Colin and Urbach, Peter, Scientific reasoning: the Bayesian approach , 1989.